000 00757nam a2200205Ii 4500
003 JO-AjNU
008 230605s9999||||xx |||||||||||||| ||und||
017 _a1995/8/894
040 _aJO-AjNU
_bara
_erda
_cJO-AjNU
041 _aara
050 1 4 _aPJ8062.A2244 1995
100 3 _aرضوان، عبدالله,
_eauthor
_949242
245 0 0 _aالبنى السردية: دراسات تطبيقية في القصة القصيرة الأردنية
264 3 1 _aعمان: رابطة الكتاب الأردنيين، 1995
300 _a355ص
336 _atext
_btxt
_2rdacontent
337 _aunmediated
_bn
_2rdamedia
338 _avolume
_bnc
_2rdacarrier
650 4 _aالأدب العربي - القصة القصيرة - دراسة - الأردن
_949243
999 _aA21616
_c25184
_d25184